[Event "Litomerice 1st"]
[Site "Litomerice"]
[Date "1986.08.28"]
[Round "4"]
[White "Marszalek, Rafal"]
[Black "Halasz, Tamas"]
[Result "1/2-1/2"]
[WhiteElo "2345"]
[BlackElo "2385"]
[PlyCount "35"]
[EventDate "1986.08.26"]
[EventType "tourn"]
[EventRounds "11"]
[EventCountry "CSR"]
[EventCategory "3"]
[SourceTitle "EXT 2010"]
[Source "ChessBase"]
[SourceDate "2010.11.25"]
[SourceVersion "1"]
[SourceVersionDate "2010.11.25"]
[SourceQuality "1"]

1. d4 Nf6 2. c4 g6 3. Nc3 Bg7 4. e4 d6 5. f4 0-0 6. Nf3 c5 7. Be2 cxd4 8. Nxd4 Nc6 9. Be3 Bd7 10. 0-0 Rc8 11. Nb3 Na5 12. e5 Nxc4 13. Bxc4 Ng4 14. Bxa7 Rxc4 15. Nd5 dxe5 16. Bb6 Qe8 17. Qe2 Rc6 18. fxe5 1/2-1/2

[Event "Litomerice 1st"]
[Site "Litomerice"]
[Date "1986.08.26"]
[Round "2"]
[White "Marszalek, Rafal"]
[Black "Bretsnajdr, Vladimir"]
[Result "1/2-1/2"]
[WhiteElo "2345"]
[BlackElo "2200"]
[PlyCount "82"]
[EventDate "1986.08.26"]
[EventType "tourn"]
[EventRounds "11"]
[EventCountry "CSR"]
[EventCategory "3"]
[SourceTitle "EXT 2010"]
[Source "ChessBase"]
[SourceDate "2010.11.25"]
[SourceVersion "1"]
[SourceVersionDate "2010.11.25"]
[SourceQuality "1"]

1. Nf3 Nf6 2. c4 g6 3. g3 Bg7 4. Bg2 0-0 5. d4 d6 6. 0-0 Nbd7 7. Qc2 e5 8. Rd1 Re8 9. dxe5 dxe5 10. e4 Qe7 11. Nc3 c6 12. h3 a5 13. Be3 Nc5 14. a3 Nfd7 15. b3 Nf8 16. Rab1 f5 17. b4 axb4 18. axb4 Nce6 19. exf5 Nd4 20. f6 Nxf3+ 21. Bxf3 Qxf6 22. Bg2 Bf5 23. Ne4 Qe7 24. Qb2 Ne6 25. Ra1 Bxe4 26. Bxe4 Nd4 27. Rxa8 Rxa8 28. b5 Qd7 29. bxc6 bxc6 30. Kg2 Rc8 31. Rb1 Bf8 32. Qb7 Rc7 33. Qb8 Kf7 34. Qa8 Ra7 35. Qb8 Rc7 36. Rd1 Bg7 37. h4 Rb7 38. Qa8 Ra7 39. Qb8 Rb7 40. Qa8 Ra7 41. Qb8 Rb7 1/2-1/2

[Event "Litomerice 1st"]
[Site "Litomerice"]
[Date "1986.08.26"]
[Round "1"]
[White "Pirttimaki, Timo"]
[Black "Marszalek, Rafal"]
[Result "1-0"]
[WhiteElo "2305"]
[BlackElo "2345"]
[PlyCount "117"]
[EventDate "1986.08.26"]
[EventType "tourn"]
[EventRounds "11"]
[EventCountry "CSR"]
[EventCategory "3"]
[SourceTitle "EXT 2010"]
[Source "ChessBase"]
[SourceDate "2010.11.25"]
[SourceVersion "1"]
[SourceVersionDate "2010.11.25"]
[SourceQuality "1"]

1. e4 e6 2. d4 d5 3. e5 c5 4. c3 Qb6 5. Nf3 Bd7 6. a3 a5 7. b3 Nc6 8. Be2 Nh6 9. 0-0 cxd4 10. Bxh6 gxh6 11. cxd4 Be7 12. Nc3 0-0 13. Na4 Qc7 14. Qd2 Kg7 15. Rac1 b6 16. Rc3 Qb7 17. Bb5 Rac8 18. Bxc6 Bxc6 19. Ne1 Bxa4 20. Rh3 Bg5 21. f4 Bd8 22. bxa4 f5 23. exf6+ Rxf6 24. Nd3 Bc7 25. Ne5 Bd6 26. Rb3 Qc7 27. g3 Bxe5 28. dxe5 Qc5+ 29. Qf2 Rf7 30. Rxb6 Qxf2+ 31. Kxf2 Rc2+ 32. Kg1 Re7 33. Rfb1 Kg6 34. R1b2 Rxb2 35. Rxb2 Kf5 36. Kf2 Rc7 37. Rb5 Ke4 38. Rxa5 Rc2+ 39. Ke1 Ke3 40. Kd1 Rxh2 41. f5 Rh1+ 42. Kc2 d4 43. fxe6 d3+ 44. Kb2 Rh2+ 45. Kb3 Rh1 46. e7 Rb1+ 47. Kc3 Rc1+ 48. Kb2 Rc2+ 49. Kb3 Rc8 50. Rd5 Re8 51. Kc3 Rc8+ 52. Kb4 Re8 53. Kc5 Rxe7 54. Kd6 Ra7 55. e6 Ra6+ 56. Ke5 Rxa4 57. e7 Re4+ 58. Kf6 d2 59. Kf7 1-0

[Event "Pernik Benderev Memorial-10"]
[Site "Pernik"]
[Date "1984.05.05"]
[Round "15"]
[White "Marszalek, Rafal"]
[Black "Szekely, Peter"]
[Result "0-1"]
[WhiteElo "2310"]
[BlackElo "2430"]
[PlyCount "78"]
[EventDate "1984.04.20"]
[EventType "tourn"]
[EventRounds "15"]
[EventCountry "BUL"]
[EventCategory "7"]
[SourceTitle "MCD"]
[Source "ChessBase"]
[SourceDate "1999.07.01"]
[SourceVersion "1"]
[SourceVersionDate "1999.07.01"]
[SourceQuality "1"]

1. d4 Nf6 2. c4 e6 3. Nc3 Bb4 4. Qc2 c5 5. dxc5 Qc7 6. Nf3 Bxc5 7. Bg5 a6 8. e3 Be7 9. Be2 d6 10. 0-0 Nbd7 11. Rac1 0-0 12. Rfd1 b6 13. Ne4 h6 14. Bh4 Bb7 15. Bd3 Rfd8 16. b3 Rac8 17. Qb1 Qb8 18. Nxf6+ Nxf6 19. Bxf6 Bxf6 20. Bh7+ Kf8 21. Be4 g6 22. Bxg6 Bxf3 23. gxf3 fxg6 24. Qxg6 Bg7 25. Qxe6 Rc5 26. Rd5 Qc7 27. Rcd1 Qe7 28. Qf5+ Kg8 29. f4 Kh8 30. Qg6 Rg8 31. Kf1 Bf8 32. Qh5 Qf6 33. R1d4 Rxd5 34. Rxd5 Qa1+ 35. Ke2 Qxa2+ 36. Kf3 Qb1 37. Qf7 Qxb3 38. Qf6+ Bg7 39. Qxd6 Qxc4 0-1

[Event "Pernik Benderev Memorial-10"]
[Site "Pernik"]
[Date "1984.05.02"]
[Round "12"]
[White "Kirov, Nino"]
[Black "Marszalek, Rafal"]
[Result "1/2-1/2"]
[WhiteElo "2455"]
[BlackElo "2310"]
[PlyCount "88"]
[EventDate "1984.04.20"]
[EventType "tourn"]
[EventRounds "15"]
[EventCountry "BUL"]
[EventCategory "7"]
[SourceTitle "MCD"]
[Source "ChessBase"]
[SourceDate "1999.07.01"]
[SourceVersion "1"]
[SourceVersionDate "1999.07.01"]
[SourceQuality "1"]

1. Nf3 c5 2. e4 Nc6 3. d4 cxd4 4. Nxd4 g6 5. c4 Bg7 6. Be3 Nf6 7. Nc3 0-0 8. Be2 b6 9. 0-0 Bb7 10. f3 Rc8 11. Rc1 Ne8 12. Qd2 Nd6 13. Nxc6 Bxc6 14. Bd4 Bxd4+ 15. Qxd4 f5 16. e5 Nf7 17. f4 e6 18. Nb5 Bxb5 19. cxb5 g5 20. g3 gxf4 21. gxf4 Kh8 22. Rxc8 Qxc8 23. Bf3 Rg8+ 24. Kh1 Qd8 25. Qf2 Nh6 26. h3 Rg7 27. Rc1 Ng8 28. Kh2 Qe7 29. Bg2 Qd8 30. a4 h6 31. Rc3 Kh7 32. a5 Ne7 33. axb6 axb6 34. Bf3 d5 35. Bh5 Kh8 36. Qh4 d4 37. Rd3 Qd5 38. Bf3 Qc4 39. Rd2 Kh7 40. Qf2 Nd5 41. Bxd5 Qxd5 42. Rxd4 Qxb5 43. Rd6 Qc4 44. Rxb6 Rd7 1/2-1/2